[Event "Yogyakarta Istimewa op"]
[Site "Yogyakarta"]
[Date "2016.08.22"]
[Round "8"]
[White "Cuhendi, Sean Winshand"]
[Black "Wika, Hardiyanto"]
[Result "1-0"]
[WhiteElo "2395"]
[BlackElo "2057"]
[PlyCount "34"]
[EventDate "2016.08.18"]
[EventType "swiss"]
[EventRounds "9"]
[EventCountry "INA"]
[SourceTitle "EXT 2018"]
[Source "ChessBase"]
[SourceDate "2017.10.13"]
[SourceVersion "1"]
[SourceVersionDate "2017.10.13"]
[SourceQuality "1"]

1. d4 c6 2. e4 d5 3. Nc3 dxe4 4. Nxe4 Bf5 5. Ng3 Bg6 6. h4 h6 7. Nf3 Nf6 8. Ne5 Bh7 9. Bc4 e6 10. Qe2 Qe7 11. Bf4 Nbd7 12. 0-0-0 Nxe5 13. Bxe5 Nd5 14. Ne4 Bxe4 15. Qxe4 Nb6 16. Be2 0-0-0 17. Ba6 Kd7 1-0